000 01176nam2a2200325 4500
001 RU\NLR\bibl\263077
005 20250620130633.0
010 _a5-225-04585-5
_920000
021 _aRU
_b2001-63327
_93085
035 _a(NLR Aleph) 000258706
090 _a1510848
_c1510848
100 _a20020426d2001 |||y0rusy50 ca
101 0 _arus
102 _aRU
105 _aa |||||||||
200 0 _aТ. 1
_f[М.Р. Сапин, Д.Б. Никитюк, В.С. Ревазов]
210 _d2001
_aБ. м.
215 _a639 с.
_cил., цв.ил.
320 _aПредм. указ.: с. 624-634
461 0 _1001RU\NLR\bibl\276766
_12001#$aАнатомия человека$vТ. 1
_91592257
_cМ.
_d2001
_e5-е изд., перераб. и доп.
_fПод ред. акад. РАМН, проф. М.Р. Сапина
_nМедицина
_oВ 2 т. : [Учеб.]
_tАнатомия человека
_vТ. 1
610 0 _aАнатомия
675 _a611(075.8)
_v3
_zrus
686 _a34.41
_2rugasnti
686 _a28.706я73
_2rubbk
801 0 _aRU
_bRKP
_c20020426
_gPSBO
801 1 _aRU
_bRKP
_c20020426
801 2 _aRU
_bNLR
_c20020617
_grcr
942 _cBOOK
980 _aNB